000 02669nam0a2200469 4500
001 RU\NLR\BIBL_A\011945647
005 20250806210622.0
020 _aRU
_9Ленинград в Великой Отечественной войне. Коллекция. Афиши
035 _a(NLR Aleph) 011945647
090 _a65514
_c65514
100 _a20190225d1944 u y0rusy50 ca
101 0 _arus
102 _aRU
105 _ay z 000zy
135 _acrcn 024anaba
200 1 _aСентябрь 1944 г. [Репертуар
_eафиша]
_fУправление по делам искусств Исполкома Ленгорсовета. Зал камерных концертов
210 _a[Ленинград]
_cЛТ УН-9
_d1944
215 _a1 л.
_d58х38
300 _aНачало в 19 час. 30 мин. Билеты продаются ежедн. в кассе зала от 11 ч. 30 м.
300 _aЗак. 2216
325 _aКопия доступна в Электрон. б-ке РНБ
327 _a15 пятница. Анна Каренина. Композиция по роману Л. Толстого Н.М. Железновой. 16 суббота. Старинные водевили. 1. Дядюшкин фрак и тетушкин капот. 2. Шашки. 20 среда. Анна Каренина. 22 пятница. Старинные водевили. 1. Дядюшка на трех ногах. 2. Виц-мундир
606 1 _aТеатральная жизнь
_yЛенинград, город
_z1941 - 1944
_jАфиши
_2nlr_sh2
_3RU\NLR\AUTH\6601649837
686 _aЩ333(2Р=Рус)7- 692Ленинград
710 0 2 _aЗал камерных концертов
_cЛенинград
_3RU\NLR\AUTH\880495405
_4570
852 _aNLR
_jЛ3-330а/12/2/1944-сент.(2)
856 0 _uhttp://vivaldi.nlr.ru/la700000102/view
856 1 _uhttp://vivaldi.nlr.ru/la700000102/cover
856 2 _uhttp://vivaldi.nlr.ru/la700000102/text
942 _cVISUAL
945 _aРоссийская национальная библиотека
980 _aNB
980 _aBV
980 3 _akplen
980 3 _akp
981 3 7 _a(37) Ленинград в Великой Отечественной войне
_b(37) Афиши блокадного Ленинграда